Statistiken für Warrior Cats - Staffel 1

Klicken Sie hier um das Quiz zu spielen!

Allgemein

  • Dieses Quiz wurde 61 mal gespielt
  • Das Durchschnittsergebnis liegt bei 4 aus 6

Antwortstatistiken

BandWarrior Cats - …% Korrekt
Band 1In die Wildnis
95%
Band 2Feuer und Eis
92%
Band 3Geheimnis des Waldes
67%
Band 5Gefährliche Spuren
64%
Band 6Stunde der Finsternis
64%
Band 4Vor dem Sturm
64%

Verteilung der Resultate

Perzentil nach korrekt beantworteten Fragen

Anzahl Personen mit jedem Resultat

Ihre Resultats-Entwicklung

Sie haben dieses Quiz noch nicht gespielt